Intra terrestrials: Discovering the strangest life on earth (Record no. 1464939)

MARC details
000 -LEADER
fixed length control field 01121nam a2200181 4500
005 - DATE AND TIME OF LATEST TRANSACTION
control field 20251022101538.0
008 - FIXED-LENGTH DATA ELEMENTS--GENERAL INFORMATION
fixed length control field 251022b |||||||| |||| 00| 0 eng d
020 ## - INTERNATIONAL STANDARD BOOK NUMBER
International Standard Book Number 9780691236117
037 ## - SOURCE OF ACQUISITION
Terms of availability Textual
040 ## - CATALOGING SOURCE
Original cataloging agency RTL
Transcribing agency RTL
084 ## - COLON CLASSIFICATION NUMBER
Assigning agency RTL
100 ## - MAIN ENTRY--PERSONAL NAME
Personal name LLoyd, Karen G.
9 (RLIN) 849091
245 ## - TITLE STATEMENT
Title Intra terrestrials: Discovering the strangest life on earth
260 ## - PUBLICATION, DISTRIBUTION, ETC.
Place of publication, distribution, etc. Princeton
Name of publisher, distributor, etc. Princeton University press
Date of publication, distribution, etc. 2025
300 ## - PHYSICAL DESCRIPTION
Extent 232 p.
Other physical details Includes bibliographical reference and index
520 ## - SUMMARY, ETC.
Summary, etc. Life thrives in the deepest, darkest recesses of Earth's crust -- from methane seeps in the ocean floor to the highest reaches of Arctic permafrost -- and it is unlike anything seen on the surface. Intraterrestrials shares what scientists are learning about these strange types of microbial life -- and how research expeditions to some of the most extreme locales on the planet are broadening our understanding of what life is and how its earliest forms may have evolved. Drawing on her experiences and those of her fellow scientists working in challenging and often dangerous conditions.
942 ## - ADDED ENTRY ELEMENTS (KOHA)
Source of classification or shelving scheme Colon Classification (CC)
Suppress in OPAC No
Koha item type Textual
Holdings
Withdrawn status Lost status Source of classification or shelving scheme Damaged status Not for loan Home library Current library Date acquired Total Checkouts Barcode Date last seen Price effective from Koha item type
    Colon Classification (CC)     Ratan Tata Library Ratan Tata Library 2025-10-22   RT1585296 2025-10-22 2025-10-22 Textual
Copyright @ Delhi University Library System